Crossed swords: Pakistan its army and the wars within (Record no. 11502)

000 -LEADER
fixed length control field 00664cam a22001934a 4500
005 - DATE AND TIME OF LATEST TRANSACTION
control field 20170105102341.0
008 - FIXED-LENGTH DATA ELEMENTS--GENERAL INFORMATION
fixed length control field 080509s2008 pk abf b 001 0 eng
020 ## - INTERNATIONAL STANDARD BOOK NUMBER
International Standard Book Number 9780195476606
040 ## - CATALOGING SOURCE
Original cataloging agency DLC
Transcribing agency DLC
082 ## - DEWEY DECIMAL CLASSIFICATION NUMBER
Edition number 954.91
100 1# - MAIN ENTRY--PERSONAL NAME
Personal name Nawaz, Shuja.
245 10 - TITLE STATEMENT
Title Crossed swords: Pakistan its army and the wars within
Statement of responsibility, etc. Shuja Nawaz.
260 ## - PUBLICATION, DISTRIBUTION, ETC.
Place of publication, distribution, etc. Karachi :
Name of publisher, distributor, etc. Oxford University Press,
Date of publication, distribution, etc. 2008.
300 ## - PHYSICAL DESCRIPTION
Extent xliv, 655 p., [10] p. of plates :
Other physical details ill., maps ;
Dimensions 25 cm.
504 ## - BIBLIOGRAPHY, ETC. NOTE
Bibliography, etc. note Includes bibliographical references (p. [608]-619) and index.
610 10 - SUBJECT ADDED ENTRY--CORPORATE NAME
Corporate name or jurisdiction name as entry element Pakistan
Subordinate unit Army
General subdivision Political activity.
651 #0 - SUBJECT ADDED ENTRY--GEOGRAPHIC NAME
Geographic name Pakistan
General subdivision Politics and government.
942 ## - ADDED ENTRY ELEMENTS (KOHA)
Source of classification or shelving scheme
Koha item type Book
Holdings
Withdrawn status Lost status Damaged status Not for loan Collection code Permanent Location Current Location Shelving location Date acquired Source of acquisition Cost, normal purchase price Total Checkouts Total Renewals Full call number Barcode Checked out Date last seen Date last checked out Price effective from Koha item type
          Central Library (CL) Central Library (CL) General Stacks 01/07/2013 Allied Book Company 440.30 6 2 954.91 NAW SEECS011846 06/10/2026 05/11/2026 05/11/2026 01/10/2013 Book
© 2023 Central Library, National University of Sciences and Technology. All Rights Reserved.